00889cam a22002291 4500001001300000003000400013005001700017008004100034010001700075035001900092040001800111042001200129050002100141100003700162245005900199260007700258300008200335490008400417500010400501650003700605999001700642gs 14000532 DLC20260227111316.0760803s1913 xx 000 0 eng  ags 14000532  a(OCoLC)2351846 aDLCcOTUdDLC apremarc00aQE125b.A4 no. 91 aSherzer, William Hittell,d1860-00aGeological report on Wayne County,cby W. H. Sherzner. aLansing, Mich.,bWynkoop Hallenbeck Crawford co., state printers,c1913. a388 p.billus., plates, 2 fold. maps (in pocket) double plan, diagrs.c24 cm.0 aMichigan. Geological and biological survey. Publication 12. Geological series 9 aPublished as a part of the Annual report of the Board of geological and biological survey for 1911. 0aGeologyzMichiganzWayne County. c25378d25378